000 00563nam a22001697a 4500
005 20140623115510.0
010 _aENG-110170
020 _a9789382059042
_c350.00
035 _aEN-93702
037 _bDBAD/PUB
082 _a338.16
245 _aSave and grow :
_ba policymaker's guide to the sustainable intensification of smallholder crop production
260 _aNew Delhi
_bSynergy Books India
_c2013
270 _a24/4800 Ansari Road, Darya Ganj
_bNew Delhi
_e110002
300 _ax,102p. :
_c24cm(Hb)
_bill
942 _2ddc
_cEN
_mSAV
_h338.16
999 _c84956
_d84956